000 00397nam a2200157 a 4500
001 3243
005 20140414131912.0
008 040201s19uu xx 00 eng d
050 _aER
_bD55 1993
100 _aAitchison, Martin
245 _aDick Whittington /
_cMartin Aitchison.
260 _aU.S.A :
_bLadybird,
_c1993.
300 _ap. ; cm.
440 _aFavourite tales
999 _c111261
_d111261